000
00240nam a2200109 a 4500
001
4136
005
20140414131923.0
008
090217s19uu xx 00 eng d
050
_a
ER
_b
W72 1999
245
_a
Winnie the pooh.
999
_c
111842
_d
111842